Rabindranath Tagore (Record no. 16607)

MARC details
000 -LEADER
fixed length control field 00664nam a2200241 a 4500
020 ## - INTERNATIONAL STANDARD BOOK NUMBER
ISBN 9780195686791
082 00 - DEWEY DECIMAL CLASSIFICATION NUMBER
Classification number 891.44
Author Cutter TAG2
100 ## - MAIN ENTRY--AUTHOR NAME
Author name Tagore, Rabindranath
245 ## - TITLE STATEMENT
Title Rabindranath Tagore
Sub title Selected Writings for Children
260 ## - PUBLICATION, DISTRIBUTION, ETC. (IMPRINT)
Place of publication Londan
Name of publisher Oxford University Press
Year of publication 2010
300 ## - PHYSICAL DESCRIPTION
Number of Pages 261p
500 ## - GENERAL NOTE
General note includes index and biblioraphy
505 2# - FORMATTED CONTENTS NOTE
Formatted contents note List of Illustrations
650 ## - SUBJECT ADDED ENTRY--TOPICAL TERM
Topical Term Rabindranath Tagore - Writings
942 ## - ADDED ENTRY ELEMENTS (KOHA)
Koha item type Books
700 1# -
-- Tagore, Rabindranath
Holdings
Collection code Home library Current library Date acquired Cost, normal purchase price Full call number Accession Number Koha item type
  Henry Martyn Institute Library Henry Martyn Institute Library 11/11/2013 325.00 891.44 TAG2 024173 Books
                   Copyright © 2026 | Henry Martyn Institute | Hyderabad | TS-500052 | INDIA | Implemented by hmi.edu.in
Hit-Count:

Powered by Koha